| 000 | 00568nam a2200253Ia 4500 | ||
|---|---|---|---|
| 008 | 170203s9999 xx 000 0 und d | ||
| 020 | _a0-340610565 | ||
| 050 | _aFic | ||
| 050 | _b.156k 1993 | ||
| 100 | _aInkpen, Mick | ||
| 245 | _aKipper's Birthday / | ||
| 245 | _cMick Inkpen. | ||
| 260 | _aChina : | ||
| 260 | _bHodder Chilren's Books | ||
| 260 | _c1993 | ||
| 300 | _bcol. ill. ; | ||
| 300 | _c24 cm. | ||
| 650 | _aBirthdays-- | ||
| 650 | _aDogs-- | ||
| 650 | _aParties-- | ||
| 650 | _xFiction. | ||
| 650 | _xFiction. | ||
| 650 | _xFiction. | ||
| 999 |
_c305980 _d305980 |
||